000 00710cam a22002293a 4500
001 14368
003 PGUSA
005 20140828083316.0
008 041216s2004||||xxu|||||s|||||000 | eng d
040 _aPGUSA
_beng
042 _adc
050 4 _aBM
245 1 0 _aHebraic Literature; Translations from the Talmud, Midrashim and :
_bKabbala
_h[electronic resource]
260 _bProject Gutenberg,
_c2004
506 _aPublic domain in the USA.
516 _aElectronic text
653 _aHebrew literature -- Translations into English
700 1 _aHarris, Maurice H.
_q(Maurice Henry),
_d1859-1930
830 0 _aProject Gutenberg
_v14368
856 4 0 _uhttp://www.gutenberg.org/ebooks/14368
942 _cEB
999 _c243623
_d243623